000 00297nam a22001337a 4500
008 170401b xxu||||| |||| 00| 0 eng d
020 _ax000ibk4j9
041 _aeng
080 _a574
100 _a8
101 _aSHM
245 _aEVOLUTION, DIVERSITY, AND ECOLOGY
_cRAVEN, P.H
942 _2udc
_cBK
999 _c9404
_d9404